| 000 | 00636nam a22002177a 4500 | ||
|---|---|---|---|
| 003 | OSt | ||
| 005 | 20160715161316.0 | ||
| 008 | 160715b xxu||||| |||| 00| 0 eng d | ||
| 020 | _a0435401262 | ||
| 040 | _c040a | ||
| 082 |
_aWA 322 _bM779d 2004 |
||
| 100 |
_aMoonie, Neil _92088 |
||
| 245 |
_aDiversity and rights in care / _cNeil Moonie, Anne Bates, Dee Spender-Perkins |
||
| 260 |
_aOxford _bHeinemann Educational Publishers _c2004 |
||
| 300 |
_aviii, 246p; _c30 cm. |
||
| 504 | _aIncludes index | ||
| 650 |
_aRights in care _910244 |
||
| 700 |
_aBates, Anne _910245 |
||
| 700 |
_aSpender-Perkins, Dee _910246 |
||
| 942 |
_2z _cO_SHELF |
||
| 999 |
_c4759 _d4759 |
||